Children of horizons : how gay and lesbian teens are leading a new way out of the closet /

Đã lưu trong:
Chi tiết về thư mục
Những tác giả chính: Herdt, Gilbert (Tác giả), Boxer, Andrew (Tác giả)
Định dạng: Sách
Ngôn ngữ:Tiếng Anh
Được phát hành: Boston : Beacon press, c1996
Các nhãn: Thêm thẻ
Không có thẻ, Là người đầu tiên thẻ bản ghi này!

MARC

LEADER 00000nam a22000007i 4500
001 IT\ICCU\UBO\0248853
003 ItRI
005 20260115231822.0
008 960531s1996 xxu|||||| ||||| |||||c
020 |a 0807079294 
040 |b ita  |c importazione bologna sebina 
041 7 |a eng  |2 ISO-639-2 
100 1 |a Herdt, Gilbert  |0 IT\ICCU\MILV\101432  |4 aut 
245 1 0 |a Children of horizons :  |b how gay and lesbian teens are leading a new way out of the closet /  |c Gilbert Herdt, Andrew Boxer ; with a new epilogue. 
260 |a Boston :  |b Beacon press,  |c c1996 
300 |a xxi, 302 p. ;  |c 23 cm. 
700 1 |a Boxer, Andrew  |0 IT\ICCU\UBOV\101473  |4 aut 
942 |2 ddc  |c BK  |n 0 
952 |0 0  |1 0  |4 0  |6 DOC_305_906000000000000_HER  |7 0  |9 13491  |a BO  |b BO  |d 2026-01-15  |i 3642  |l 0  |o DOC 305.906 HER  |p BO3642  |r 2026-01-15 23:18:22  |w 2026-01-15  |x [Sebina 5] [1 v.]  |y BK  |z 1 v. 
999 |c 11594  |d 11594